| Tag |
First Indicator |
Second Indicator |
Subfields |
| LEADER |
00000cem a2200000 a 4500 |
| 001 |
in00001476713 |
| 005 |
20151021062154.0 |
| 007 |
aj canzn |
| 008 |
920608s1962 caudg a f 0 eng d |
| 034 |
1 |
|
|a a
|b 145000
|
| 035 |
|
|
|a (OCoLC)25971458
|
| 035 |
|
|
|9 AJG1014AM
|
| 040 |
|
|
|a CUY
|c CUY
|d TXA
|d UtOrBLW
|
| 049 |
|
|
|a TXAC
|
| 052 |
|
|
|a 4362
|b S8
|
| 090 |
|
|
|a G4362.S8 1962
|b .U53
|
| 110 |
1 |
|
|a United States.
|b Forest Service.
|b California Region.
|
| 245 |
1 |
0 |
|a Groveland district :
|b Stanislaus National Forest, California Region, 1962.
|
| 255 |
|
|
|a Scale [ca. 1:145,000]
|
| 264 |
|
1 |
|a San Francisco :
|b U.S. Forest Service,
|c 1962.
|
| 300 |
|
|
|a 1 map :
|b color ;
|c 42 x 47 cm.
|
| 336 |
|
|
|a cartographic image
|b cri
|2 rdacontent
|
| 337 |
|
|
|a unmediated
|b n
|2 rdamedia
|
| 338 |
|
|
|a sheet
|b nb
|2 rdacarrier
|
| 500 |
|
|
|a Relief shown by hachures and spot heights.
|
| 500 |
|
|
|a Includes 2 insets.
|
| 500 |
|
|
|a Cartographic material.
|
| 651 |
|
0 |
|a Stanislaus National Forest (Calif.)
|x Maps.
|
| 948 |
|
|
|a c:jlg
|
| 999 |
|
|
|a MARS
|
| 999 |
f |
f |
|s 390c467b-df11-3522-9a74-b97f55622d4b
|i 7161450e-aae1-34ed-b03c-4331e34c207e
|t 0
|
| 952 |
f |
f |
|p normal
|a Texas A&M University
|b College Station
|c Sterling C. Evans Library
|d Evans: Maps (2nd floor)
|t 0
|e G4362.S8 1962 .U53
|h Library of Congress classification
|i unmediated -- sheet
|m A14824174195
|
| 998 |
f |
f |
|a G4362.S8 1962 .U53
|t 0
|l Evans: Maps (2nd floor)
|